000 00167nam a22000857a 4500
999 _c65069
_d65066
082 _a954.7
100 _aمشتاق
245 _aمطااعہ پاکستان
942 _cBK